駅利用者数ランキングTOP50(宮城県) - Statistics

General Stats
  • This quiz has been taken 221 times
  • The average score is 28 of 50
Answer Stats
駅名 利用者数 % Correct
1 仙台 288532
100%
3 あおば通 39584
93%
6 名取 26594
90%
4 長町 35360
88%
15 岩沼 13038
87%
7 北仙台 23762
81%
2 泉中央 44672
78%
28 古川 8758
78%
19 多賀城 11190
77%
9 南仙台 19036
76%
25 八木山動物公園 9914
73%
41 東仙台 6842
72%
20 宮城野原 11140
70%
30 愛子 8376
65%
12 富沢 14724
64%
32 太子堂 8236
64%
29 岩切 8696
62%
42 荒井 6688
59%
45 榴ヶ岡 6518
59%
5 勾当台公園 30154
57%
34 陸前原ノ町 7932
56%
8 長町南 20400
55%
39 東照宮 7444
55%
14 青葉通一番町 13678
53%
13 八乙女 14042
51%
10 広瀬通 18270
49%
38 槻木 7578
49%
48 東北福祉大前 6166
49%
17 小鶴新田 12256
47%
31 青葉山 8246
47%
50 国際センター 6028
47%
21 五橋 10996
46%
47 川内 6324
46%
23 中野栄 10374
45%
49 大河原 6110
45%
36 六丁の目 7840
44%
11 北四番丁 16556
43%
27 卸町 9832
41%
33 黒松 8004
41%
37 長町一丁目 7794
41%
46 宮城野通 6506
41%
18 台原 11212
39%
35 連坊 7872
39%
24 陸前高砂 10142
38%
16 旭ヶ丘 12516
37%
22 薬師堂 10720
36%
26 河原町 9858
34%
40 福田町 7378
34%
43 陸前落合 6616
34%
44 下馬 6586
28%
No matching quizzes found
Score Distribution
Percent of People with Each Score
Percentile by Number Answered
Your Score History
You have not taken this quiz